Every City and Town in England - Statistics

General Stats
  • This quiz has been taken 363 times
    38 since last reset
  • The average score is 277 of 1174
Answer Stats
Population City / Town % Correct
1,161,326 {Birmingham}
100%
9,065,696 {London}
100%
347,767 {Bradford}
95%
10,017 Bradford-on-Avon
95%
96,599 {Chester}
95%
24,185 Chester-le-Street
95%
564,705 {Leeds}
95%
529,561 {Liverpool}
95%
607,041 {Manchester}
95%
157,697 {Cambridge}
89%
364,878 {Coventry}
89%
291,538 {Derby}
89%
174,953 {Oxford}
89%
526,005 {Sheffield}
89%
9,234 Southam
89%
148,331 {York}
89%
444,562 {Bristol}
84%
152,481 Ipswich
84%
279,237 {Kingston-upon-Hull}
84%
429,848 {Leicester}
84%
79,601 Newcastle-under-Lyme
84%
304,542 {Newcastle-upon-Tyne}
84%
307,075 {Nottingham}
84%
274,607 {Plymouth}
84%
230,389 {Portsmouth}
84%
98,161 {Bath}
79%
153,244 Blackpool
79%
194,197 Bolton
79%
283,870 {Brighton and Hove}
79%
133,312 {Exeter}
79%
124,566 {Gloucester}
79%
247,684 Luton
79%
160,220 Middlesbrough
79%
206,467 {Norwich}
79%
100,502 {Preston}
79%
260,184 {Southampton}
79%
272,409 {Stoke-on-Trent}
79%
178,842 {Sunderland}
79%
248,702 {Wolverhampton}
79%
19,042 Bourne
74%
202,552 Bournemouth
74%
82,594 Burnley
74%
57,511 {Canterbury}
74%
81,781 {Carlisle}
74%
78,301 Chesterfield
74%
37,055 Dover
74%
106,102 {Lincoln}
74%
210,396 {Milton Keynes}
74%
5,211 Northam
74%
253,499 Northampton
74%
213,496 Reading
74%
127,065 {Salford}
74%
186,848 {Southend-on-Sea}
74%
122,016 Stockport
74%
191,392 Swindon
74%
101,450 Bedford
68%
15,163 Buckingham
68%
83,221 Bury
68%
43,824 Bury St Edmunds
68%
136,773 {Colchester}
68%
92,949 {Doncaster}
68%
52,050 {Durham}
68%
61,428 {Hereford}
68%
175,821 Slough
68%
32,423 Windsor
68%
108,745 {Worcester}
68%
118,619 Cheltenham
63%
127,331 Crawley
63%
87,485 Grimsby
63%
91,710 Halifax
63%
77,313 Harrogate
63%
91,746 Hastings
63%
116,362 Oldham
63%
143,418 Poole
63%
60,892 Scarborough
63%
96,394 Southport
63%
104,088 {Wakefield}
63%
83,978 Wigan
63%
51,078 {Winchester}
63%
114,545 Birkenhead
58%
34,608 {Chichester}
58%
79,978 Crewe
58%
92,703 Hartlepool
58%
100,893 Hemel Hempstead
58%
114,314 Dagenham
58%
166,823 Harrow
58%
67,846 Kingston-upon-Thames
58%
53,902 {Lancaster}
58%
56,351 Macclesfield
58%
198,243 {Peterborough}
58%
4,592 Sandwich
58%
79,264 Shrewsbury
58%
75,051 Stafford
58%
165,095 Telford
58%
39,772 Warwick
58%
138,007 Watford
58%
77,056 Woking
58%
8,681 Alnwick
53%
24,102 | 86,646 Ashford
53%
94,187 Aylesbury
53%
73,872 Barnsley
53%
55,778 Barrow-in-Furness
53%
96,723 Darlington
53%
73,162 Dartford
53%
22,613 Dorchester
53%
102,575 Eastbourne
53%
45,356 Grantham
53%
30,269 Hertford
53%
89,329 High Wycombe
53%
149,473 Huddersfield
53%
66,644 Kettering
53%
65,960 Mansfield
53%
14,887 Penzance
53%
116,602 Rochdale
53%
75,115 Rotherham
53%
52,781 Royal Tunbridge Wells
53%
77,027 {St Albans}
53%
111,323 St Helens
53%
64,181 Taunton
53%
37,210 Tonbridge
53%
52,266 Torquay
53%
24,271 {Truro}
53%
76,153 Walsall
53%
179,065 Warrington
53%
12,956 {Wells}
53%
2,115 Wells-next-the-Sea
53%
107,514 West Bromwich
53%
86,820 Weston-super-Mare
53%
123,409 Basingstoke
47%
131,790 Blackburn
47%
45,732 Boston
47%
115,807 {Chelmsford}
47%
14,516 Cowes
47%
67,599 Dudley
47%
19,949 {Ely}
47%
29,689 Evesham
47%
53,744 Folkestone
47%
11,379 | 114,176 Gillingham
47%
60,250 Gravesend
47%
29,150 Great Yarmouth
47%
3,085 Henley-in-Arden
47%
11,996 Henley-on-Thames
47%
141,431 Romford
47%
58,550 Kidderminster
47%
48,195 King's Lynn
47%
71,992 Lowestoft
47%
70,635 Maidenhead
47%
63,505 Margate
47%
33,122 Morecambe
47%
44,837 Newbury
47%
14,648 | 26,613 Newport
47%
82,502 Redditch
47%
69,968 Rochester
47%
63,972 Sale
47%
49,217 {Salisbury}
47%
82,551 Scunthorpe
47%
26,841 Sevenoaks
47%
21,122 Skegness
47%
15,541 Skipton
47%
89,818 Stockton-on-Tees
47%
12,671 Whitby
47%
9,883 Yarm
47%
51,778 Yeovil
47%
32,953 Abingdon-on-Thames
42%
36,969 Accrington
42%
43,754 Aldershot
42%
26,429 Ashton-in-Makerfield
42%
50,529 Ashton-under-Lyne
42%
14,025 Brough
42%
81,605 Burton-upon-Trent
42%
21,076 Camborne
42%
37,849 Chippenham
42%
40,729 Chorley
42%
55,568 Clacton-on-Sea
42%
9,399 Cockermouth
42%
70,950 Corby
42%
5,322 Dartmouth
42%
29,199 Deal
42%
24,298 Falmouth
42%
21,597 Farnham
42%
24,951 Felixstowe
42%
38,967 Fleet
42%
119,893 Gateshead
42%
17,868 Glossop
42%
98,523 Harlow
42%
20,995 Harwich
42%
26,648 Huntingdon
42%
22,992 Leigh-on-Sea
42%
32,578 Richmond
42%
45,414 Stratford
42%
30,206 Jarrow
42%
50,302 Keighley
42%
29,594 Kendal
42%
4,300 Keswick
42%
48,675 Leigh
42%
15,781 Lewes
42%
34,472 {Lichfield}
42%
19,216 Littlehampton
42%
66,373 Loughborough
42%
116,887 Maidstone
42%
8,817 Marlborough
42%
11,882 Minehead
42%
19,889 Nantwich
42%
31,104 Newark-on-Trent
42%
13,583 Newhaven
42%
24,976 Newquay
42%
94,354 Nuneaton
42%
42,898 Ramsgate
42%
7,966 Richmond
42%
83,564 Rugby
42%
57,446 Sittingbourne
42%
74,784 South Shields
42%
96,844 Stevenage
42%
17,355 | 5,321 St Ives
42%
30,745 Stratford-upon-Avon
42%
26,560 Stroud
42%
13,598 Tavistock
42%
15,387 Teignmouth
42%
13,259 Thame
42%
51,783 Washington
42%
52,709 Welwyn Garden City
42%
114,161 Worthing
42%
50,606 Altrincham
37%
13,548 Amesbury
37%
50,888 Andover
37%
24,918 Ascot
37%
3,365 Bakewell
37%
56,457 Banbury
37%
32,646 Barnstaple
37%
12,052 Barton-upon-Humber
37%
120,808 Basildon
37%
40,436 Bicester
37%
44,071 Bishop's Stortford
37%
44,951 Braintree
37%
35,439 Bridlington
37%
4,436 Broughton
37%
520 Broughton-in-Furness
37%
38,270 Camberley
37%
79,529 Chatham
37%
48,826 Christchurch
37%
17,967 Cirencester
37%
29,346 Cleethorpes
37%
7,436 Cromer
37%
28,179 Daventry
37%
19,923 Devizes
37%
36,949 Dunstable
37%
50,838 Eastleigh
37%
4,343 Ellesmere
37%
10,915 Epping
37%
36,204 Exmouth
37%
23,024 Faversham
37%
26,873 Fleetwood
37%
28,302 Frome
37%
8,443 Glastonbury
37%
20,937 Goole
37%
71,006 Gosport
37%
82,118 Guildford
37%
14,447 | 43,211 Hatfield
37%
24,867 Herne Bay
37%
14,650 Hythe
37%
99,462 Bromley
37%
18,313 Hayes
37%
204,221 Ilford
37%
48,829 Sutton
37%
33,827 Welling
37%
197,519 {Westminster}
37%
697 Yarmouth
37%
5,265 Looe
37%
10,005 Ludlow
37%
43,774 Lytham St Annes
37%
28,553 Melton Mowbray
37%
5,190 Moreton-in-Marsh
37%
19,855 Newmarket
37%
25,636 Newton-le-Willows
37%
12,290 Oakham
37%
9,872 Okehampton
37%
68,334 Paignton
37%
34,171 Pontefract
37%
38,055 Redcar
37%
51,906 Royal Leamington Spa
37%
7,546 Seaton
37%
2,745 Settle
37%
111,658 Solihull
37%
18,192 Stone
37%
37,333 Sutton-in-Ashfield
37%
4,929 Sutton-on-Sea
37%
14,819 Tewkesbury
37%
12,612 Tring
37%
43,909 Trowbridge
37%
8,555 Upton
37%
2,364 Upton-upon-Severn
37%
5,373 Ventnor
37%
87,335 Wallasey
37%
28,335 Walton-on-Thames
37%
7,187 Walton-on-the-Naze
37%
20,115 Ware
37%
5,939 Wareham
37%
56,295 Wellingborough
37%
56,384 Weymouth
37%
53,334 Wokingham
37%
2,963 Arundel
32%
6,495 Axminster
32%
13,301 Berwick-upon-Tweed
32%
32,955 Beverley
32%
19,826 Bideford
32%
69,849 Bognor Regis
32%
81,656 Bracknell
32%
57,013 Brentwood
32%
35,194 Bromsgrove
32%
20,473 Buxton
32%
47,678 Castleford
32%
23,422 Coalville
32%
11,823 Dawlish
32%
37,872 Denton
32%
9,681 Diss
32%
17,881 Dorking
32%
42,979 Eccles
32%
37,210 Epsom
32%
9,642 Esher
32%
2,608 Eton
32%
63,123 Farnborough
32%
45,535 Grays
32%
31,337 Harpenden
32%
48,255 Havant
32%
42,431 Haywards Heath
32%
51,541 Horsham
32%
4,095 Hunstanton
32%
30,326 Brentford
32%
212,344 Croydon
32%
20,575 Norton
32%
95,354 Orpington
32%
30,349 Strood
32%
93,515 Sutton Coldfield
32%
66,964 Uxbridge
32%
8,234 Launceston
32%
8,295 Ledbury
32%
45,493 Leighton Buzzard
32%
11,230 Leominster
32%
34,603 Letchworth Garden City
32%
3,560 Lyme Regis
32%
34,409 Malvern
32%
50,141 Middleton
32%
900 Middleton-in-Teesdale
32%
8,159 Norton-on-Derwent
32%
8,774 Penistone
32%
7,722 Pickering
32%
35,416 Redhill
32%
16,113 Redruth
32%
25,060 Reigate
32%
17,248 {Ripon}
32%
11,369 Ross-on-Wye
32%
18,534 Royston
32%
63,139 Runcorn
32%
24,059 Ryde
32%
4,999 Rye
32%
17,424 Saffron Walden
32%
15,391 Saltash
32%
20,033 Selby
32%
9,389 Shaftesbury
32%
22,249 Staines-upon-Thames
32%
20,937 Stamford
32%
24,539 St Austell
32%
34,758 St Neots
32%
1,946 Stow-on-the-Wold
32%
78,400 Tamworth
32%
25,524 Thetford
32%
47,980 Tipton
32%
23,504 Whitehaven
32%
31,937 Whitstable
32%
46,069 Worksop
32%
2,547 Acle
26%
19,087 Alton
26%
17,958 Amersham
26%
16,129 Ashby-de-la-Zouch
26%
5,759 Battle
26%
22,736 Biggleswade
26%
47,270 Bletchley
26%
41,531 Blyth
26%
17,575 Bodmin
26%
55,742 Bootle
26%
12,093 Bridgnorth
26%
50,349 Bridgwater
26%
17,703 Brixham
26%
38,242 Canvey Island
26%
54,627 Carlton
26%
65,783 Dewsbury
26%
37,233 Didcot
26%
29,561 Egham
26%
68,417 Ellesmere Port
26%
28,055 Ewell
26%
8,558 Fakenham
26%
43,046 Fareham
26%
11,432 Godalming
26%
61,156 Halesowen
26%
11,344 Helston
26%
11,264 Hexham
26%
51,648 Hinckley
26%
36,223 Hitchin
26%
12,964 Honiton
26%
5,432 Hungerford
26%
63,020 Huyton
26%
37,204 Hyde
26%
79,257 Barking
26%
70,510 Chingford
26%
43,097 Chipping Barnet
26%
77,933 Ealing
26%
6,009 Ilminster
26%
26,869 Upminster
26%
50,853 Woodford
26%
22,463 Kenilworth
26%
16,655 Knaresborough
26%
11,932 Leatherhead
26%
19,539 Leek
26%
14,674 Lymington
26%
25,994 Market Harborough
26%
14,761 Marlow
26%
11,792 Matlock
26%
14,643 Morpeth
26%
15,130 Neston
26%
15,231 Newport Pagnell
26%
30,529 Newton Abbot
26%
18,166 Oswestry
26%
2,346 Padstow
26%
17,623 Penrith
26%
11,560 Pocklington
26%
26,542 Portishead
26%
7,800 Princes Risborough
26%
33,727 Rayleigh
26%
20,338 Romsey
26%
10,933 Sherborne
26%
29,781 Shipley
26%
23,688 Shoreham-by-Sea
26%
18,917 Sleaford
26%
19,796 Stanley
26%
57,759 Stourbridge
26%
28,601 Stretford
26%
25,051 Sudbury
26%
25,608 Thatcham
26%
19,853 Tiverton
26%
12,609 Towcester
26%
62,187 Tynemouth
26%
14,598 Uttoxeter
26%
47,234 Wallsend
26%
14,568 Wantage
26%
18,703 Warminster
26%
20,545 Wednesbury
26%
8,670 Wendover
26%
61,042 Widnes
26%
32,534 Witney
26%
9,107 Ampthill
21%
40,720 Arnold
21%
30,082 Ashington
21%
28,528 Atherton
21%
45,814 Batley
21%
10,034 Beccles
21%
54,542 Beeston
21%
45,422 Bexhill-on-Sea
21%
34,191 Billericay
21%
34,627 Billingham
21%
21,676 Bingley
21%
54,368 Bloxwich
21%
40,571 Borehamwood
21%
33,702 Brighouse
21%
25,617 Broadstairs
21%
20,249 Calne
21%
65,259 Cannock
21%
23,511 Caterham
21%
14,616 Chard
21%
11,816 Cheadle
21%
15,252 Chertsey
21%
44,604 Cheshunt
21%
3,467 Church Stretton
21%
11,252 Corsham
21%
51,344 Crosby
21%
11,309 Downham Market
21%
14,118 Driffield
21%
27,572 Droitwich Spa
21%
8,146 Dursley
21%
27,413 East Grinstead
21%
6,773 Filey
21%
22,857 Gainsborough
21%
8,941 Godmanchester
21%
18,278 Guisborough
21%
12,350 Haslemere
21%
28,502 Haverhill
21%
8,832 Hornsea
21%
70,754 Acton
21%
136,528 Enfield
21%
51,025 Greenford
21%
28,747 Isleworth
21%
9,238 Ilfracombe
21%
39,444 Ilkeston
21%
34,127 North Shields
21%
13,747 Portland
21%
9,539 Irthlingborough
21%
86,741 Southall
21%
89,003 Woolwich
21%
1,364 | 166,748 Kingswood
21%
47,547 Kirkby
21%
21,497 Kirkby-in-Ashfield
21%
38,240 Long Eaton
21%
13,301 Lye
21%
7,569 Mablethorpe
21%
7,626 Malmesbury
21%
21,523 March
21%
6,740 Market Deeping
21%
36,324 Nelson
21%
19,633 Northwich
21%
25,474 Oadby
21%
47,062 Oldbury
21%
28,283 Ormskirk
21%
15,420 Petersfield
21%
6,348 Purfleet-on-Thames
21%
32,155 Radcliffe
21%
6,352 Ramsey
21%
25,048 Retford
21%
13,015 Ringwood
21%
21,158 Ripley
21%
13,553 Rochford
21%
39,893 Rowley Regis
21%
13,146 Royal Wootton Bassett
21%
31,401 Rushden
21%
1,531 Salcombe
21%
5,735 Saltburn-by-the-Sea
21%
5,355 Sedgefield
21%
10,723 Selsey
21%
9,083 Shanklin
21%
9,653 Shepton Mallet
21%
13,397 Sidmouth
21%
36,333 Skelmersdale
21%
58,694 Smethwick
21%
10,698 Soham
21%
7,420 Southwell
21%
31,266 Spalding
21%
15,481 Stapleford
21%
1,895 St Just
21%
36,829 Swadlincote
21%
9,029 Swanage
21%
15,801 Swanscombe
21%
16,315 | 23,888 Swinton
21%
15,168 Thornbury
21%
5,551 Wadebridge
21%
8,735 Wallingford
21%
37,181 West Bridgford
21%
17,638 Westbury
21%
16,382 Weybridge
21%
5,542 | 9,855 Whitchurch
21%
37,251 Whitley Bay
21%
37,260 Wigston
21%
26,582 Wilmslow
21%
4,349 Wilton
21%
27,325 Wisbech
21%
28,745 Woodley
21%
30,762 Yate
21%
14,349 Addlestone
16%
2,348 Aldeburgh
16%
4,023 Alford
16%
9,457 Alfreton
16%
3,328 Appleby-in-Westmorland
16%
13,906 Bacup
16%
5,662 Barnard Castle
16%
14,788 Beaconsfield
16%
59,063 Bebington
16%
2,586 Berkeley
16%
11,347 Bingham
16%
24,402 Bishop Auckland
16%
12,178 Blandford Forum
16%
12,313 Bolsover
16%
3,594 Boroughbridge
16%
16,882 Brackley
16%
25,745 Bradley Stoke
16%
4,292 Brampton
16%
12,486 Bridport
16%
5,564 Brigg
16%
7,365 Bude
16%
1,734 Burford
16%
35,279 Burgess Hill
16%
2,178 Burgh-le-Marsh
16%
8,350 Burnham-on-Crouch
16%
16,114 Burnham-on-Sea
16%
28,776 Burntwood
16%
2,367 Caistor
16%
5,763 Carnforth
16%
19,100 Carterton
16%
7,192 Chapel-en-le-Frith
16%
24,709 Chesham
16%
7,164 Chipping Norton
16%
9,035 Cinderford
16%
21,183 Clevedon
16%
18,071 Clitheroe
16%
32,333 Congleton
16%
22,977 Crowborough
16%
28,847 Darwen
16%
8,344 Edenbridge
16%
12,111 Emsworth
16%
4,339 Fairford
16%
9,611 Faringdon
16%
11,701 Filton
16%
13,882 Flitwick
16%
5,143 Fordingbridge
16%
2,077 Fowey
16%
4,905 Frinton-on-Sea
16%
9,128 Frodsham
16%
3,962 Grange-over-Sands
16%
11,393 Great Dunmow
16%
5,039 Hebden Bridge
16%
23,534 Hedge End
16%
9,483 Hemsworth
16%
29,270 Heswall
16%
8,810 Higham Ferrers
16%
41,481 Hoddesdon
16%
29,527 Horley
16%
7,713 Horncastle
16%
21,774 Horwich
16%
13,095 Houghton-le-Spring
16%
24,008 Houghton Regis
16%
5,408 Howden
16%
37,785 Hucknall
16%
21,731 Carshalton
16%
83,868 Edmonton
16%
43,641 Leyton
16%
14,651 Ilkley
16%
9,963 Immingham
16%
24,251 Ingleby Barwick
16%
7,743 Stony Stratford
16%
96,642 Walthamstow
16%
24,066 Wellington
16%
23,308 Kempston
16%
15,061 Kesgrave
16%
20,584 Keynsham
16%
12,286 Kingsteignton
16%
5,646 Kirton
16%
3,147 Kirton-in-Lindsey
16%
13,733 Knutsford
16%
41,657 Leyland
16%
11,703 Liskeard
16%
33,869 Loughton
16%
18,312 Louth
16%
5,771 Ludgershall
16%
851 Lynton
16%
24,473 Maldon
16%
12,173 Market Drayton
16%
8,430 Maryport
16%
18,552 Melksham
16%
14,613 Middlewich
16%
9,841 Mildenhall
16%
5,999 Newent
16%
11,929 New Milton
16%
26,175 Newton Aycliffe
16%
22,665 Normanton
16%
14,176 Northallerton
16%
16,350 Peacehaven
16%
8,632 Pershore
16%
10,207 Polegate
16%
41,278 Prescot
16%
32,631 Prestwich
16%
10,525 Prudhoe
16%
23,892 Royton
16%
11,856 Sandown
16%
11,383 Sandy
16%
13,496 Sheerness
16%
6,816 Sheringham
16%
21,744 Spennymoor
16%
3,665 Spilsby
16%
20,593 Stourport-on-Severn
16%
2,173 Stratton
16%
9,362 Swaffham
16%
17,863 Swanley
16%
6,326 Thirsk
16%
14,951 Tilbury
16%
13,086 Todmorden
16%
9,317 Totnes
16%
11,800 Ulverston
16%
41,918 Urmston
16%
1,828 Wainfleet All Saints
16%
17,610 Wath-upon-Dearne
16%
14,561 Wellington
16%
6,325 Wem
16%
4,682 West Malling
16%
11,594 Wetherby
16%
4,688 Whaley Bridge
16%
27,825 Wickford
16%
51,492 Willenhall
16%
17,595 Wimborne Minster
16%
4,625 Windermere
16%
34,317 Winsford
16%
5,765 Withernsea
16%
10,284 Woodbridge
16%
21,759 Workington
16%
14,962 Yateley
16%
15,780 Aldridge
11%
6,054 Amble
11%
9,158 Ashbourne
11%
11,748 Attleborough
11%
14,362 Audenshaw
11%
1,949 Axbridge
11%
7,268 Aylsham
11%
10,722 Baldock
11%
1,213 Bampton
11%
8,512 Banstead
11%
3,393 Bawtry
11%
3,391 Bedale
11%
16,663 Bedlington
11%
31,809 Bedworth
11%
19,353 Belper
11%
8,156 Bewdley
11%
17,652 Biddulph
11%
37,984 Bilston
11%
14,739 Blaby
11%
14,636 Blaydon
11%
10,827 Bordon
11%
3,204 Bottesford
11%
9,350 Brandon
11%
11,277 Brierfield
11%
2,816 Brierley
11%
33,267 Brierley Hill
11%
8,939 Brightlingsea
11%
5,222 Budleigh Salterton
11%
5,182 Bungay
11%
10,743 Burton Latimer
11%
4,991 Callington
11%
12,143 Cambourne
11%
2,858 Camelford
11%
8,194 Castle Donington
11%
14,639 Catterick Garrison
11%
39,899 Chadderton
11%
10,951 Chatteris
11%
4,109 Chickerell
11%
2,097 Chipping Campden
11%
3,939 Chipping Ongar
11%
8,084 Chipping Sodbury
11%
9,773 Clay Cross
11%
12,141 Cleckheaton
11%
708 Clun
11%
19,539 Colne
11%
30,543 Consett
11%
3,166 Corbridge
11%
2,585 Costessey
11%
19,676 Cradley Heath
11%
30,518 Cramlington
11%
6,950 Crewkerne
11%
5,403 Crowland
11%
9,320 Cullompton
11%
21,393 Dereham
11%
11,866 Desborough
11%
21,238 Dronfield
11%
25,080 Droylsden
11%
19,652 Eastwood
11%
7,478 Eckington
11%
2,286 Eye
11%
8,869 Ferryhill
11%
366 Fordwich
11%
23,349 Formby
11%
3,832 Framlingham
11%
24,424 Gorleston-on-Sea
11%
11,468 Great Harwood
11%
12,628 Guiseley
11%
9,099 Hadleigh
11%
726 Hawes
11%
10,175 Haxby
11%
2,076 Haxey
11%
9,461 Hayle
11%
22,482 Hebburn
11%
1,443 Helmsley
11%
16,650 Hessle
11%
9,642 Hetton-le-Hole
11%
7,981 Highworth
11%
5,408 Hoylake
11%
1,112 Hugh Town
11%
66,956 Beckenham
11%
44,475 Bexleyheath
11%
10,782 Biggin Hill
11%
9,069 Broxbourne
11%
16,694 Dovercourt
11%
33,231 Earley
11%
82,191 Edgware
11%
27,460 Felling
11%
8,792 Fordbridge
11%
6,198 Hadleigh
11%
20,142 Hednesford
11%
28,890 Hornchurch
11%
24,973 Horsforth
11%
17,002 Perivale
11%
38,883 Shirley
11%
20,464 South Benfleet
11%
7,486 Telscombe
11%
14,649 Thorpe St Andrew
11%
12,674 Ivybridge
11%
24,756 Wednesfield
11%
19,509 West Drayton
11%
7,451 Westgate-on-Sea
11%
15,961 Kidsgrove
11%
5,862 Kingsbridge
11%
52,944 Kingswinford
11%
2,437 Kington
11%
1,966 Kirkby Lonsdale
11%
1,944 Kirkby Stephen
11%
9,316 Kirkham
11%
19,083 Litherland
11%
9,771 Littleport
11%
2,221 Longtown
11%
10,967 Lutterworth
11%
3,908 Lydd
11%
10,728 Lydney
11%
3,291 Madeley
11%
16,667 Maltby
11%
6,739 Malton
11%
1,866 Manningtree
11%
1,281 Marazion
11%
16,207 Mexborough
11%
5,495 Midhurst
11%
13,844 Midsomer Norton
11%
17,063 Minster
11%
20,015 Mirfield
11%
33,620 Morley
11%
5,847 Newbiggin-by-the-Sea
11%
9,137 New Mills
11%
12,961 North Walsham
11%
11,494 Ollerton
11%
595 Orford
11%
14,477 Otley
11%
6,167 Oundle
11%
1,898 Painswick
11%
18,255 Patchway
11%
1,345 Pateley Bridge
11%
20,197 Peterlee
11%
10,831 Ponteland
11%
23,545 Potters Bar
11%
13,775 Poulton-le-Fylde
11%
35,071 Pudsey
11%
22,305 Quedgeley
11%
4,052 Queenborough
11%
10,779 Raunds
11%
26,504 Rickmansworth
11%
20,861 | 9,286 Rothwell
11%
26,643 Rugeley
11%
11,224 Sawbridgeworth
11%
4,921 Saxmundham
11%
23,907 Seaford
11%
21,939 Seaham
11%
1,594 Sedbergh
11%
8,083 Shefford
11%
15,522 Shepshed
11%
9,248 Sherburn-in-Elmet
11%
9,939 Shildon
11%
2,587 Silloth
11%
9,280 South Kirkby
11%
23,375 South Ockendon
11%
924 Southwold
11%
27,419 Stalybridge
11%
29,785 Stanford-le-Hope
11%
1,544 Stanhope
11%
15,404 Staveley
11%
7,272 Stocksbridge
11%
4,941 Stokesley
11%
22,704 Stowmarket
11%
22,155 Sunbury-on-Thames
11%
6,350 Tadcaster
11%
4,252 Tenbury Wells
11%
6,676 Tetbury
11%
24,723 Thornaby-on-Tees
11%
12,537 Thorne
11%
50,563 Thundersley
11%
28,448 Totton
11%
3,008 Tuxford
11%
15,666 Uckfield
11%
4,234 Uppingham
11%
13,926 Verwood
11%
12,412 Waltham Cross
11%
3,654 Watchet
11%
3,411 Westerham
11%
5,609 Wigton
11%
1,118 Winchelsea
11%
4,829 Wirksworth
11%
28,618 Witham
11%
3,935 Woodstock
11%
1,986 Wragby
11%
17,495 Wymondham
11%
14,407 Yeadon
11%
8,843 Adlington
5%
6,433 Alcester
5%
1,050 Alston
5%
2,600 Ambleside
5%
6,366 Arlesey
5%
5,807 Askern
5%
2,122 Aspatria
5%
8,878 Atherstone
5%
17,108 Baildon
5%
10,892 Barnoldswick
5%
21,665 Berkhamsted
5%
14,329 Birtley
5%
1,803 Bishop's Castle
5%
7,228 Blackheath
5%
7,290 Blackwater
5%
2,209 Bowness-on-Windermere
5%
17,548 Bredbury
5%
3,921 Bromyard
5%
21,256 Brownhills
5%
2,819 Buckfastleigh
5%
11,982 Buckhurst Hill
5%
9,234 Burscough
5%
29,776 Bushey
5%
3,775 Castle Cary
5%
2,857 Charlbury
5%
12,696 Chigwell
5%
4,980 Chilton
5%
4,865 Chudleigh
5%
1,266 Chulmleigh
5%
6,747 Cleator Moor
5%
2,930 Cleobury Mortimer
5%
11,269 Cleveleys
5%
7,793 Clowne
5%
5,442 Coleford
5%
7,023 Coleshill
5%
1,931 Colyton
5%
5,713 Coningsby
5%
11,295 Conisbrough
5%
2,554 Craven Arms
5%
8,199 Crediton
5%
4,006 Crowle
5%
7,571 Dalton-in-Furness
5%
4,130 Darley Dale
5%
11,500 Dinnington
5%
5,622 Easingwold
5%
8,410 East Cowes
5%
3,354 Eccleshall
5%
4,362 Epworth
5%
30,379 Farnworth
5%
12,254 Featherstone
5%
13,428 Ferndown
5%
15,677 Garforth
5%
5,896 Garstang
5%
8,351 Gerrards Cross
5%
27,867 Golborne
5%
6,083 Great Torrington
5%
16,618 Hadfield
5%
23,475 Hailsham
5%
14,875 Halstead
5%
3,684 Haltwhistle
5%
5,142 Harleston
5%
16,483 Haslingden
5%
8,689 Hawkinge
5%
24,678 Heanor
5%
7,872 Heathfield
5%
13,617 Heckmondwike
5%
31,050 Heywood
5%
1,826 High Bentham
5%
25,339 Hindley
5%
2,304 Hingham
5%
9,062 Holbeach
5%
5,003 Holmfirth
5%
3,594 Holsworthy
5%
4,284 Holt
5%
15,529 Hoyland
5%
16,970 Bromborough
5%
8,415 Carlton Colville
5%
13,753 Chelmsley Wood
5%
26,529 Coulsdon
5%
21,379 Dawley
5%
4,221 Fenny Stratford
5%
20,994 Halewood
5%
7,155 Handforth
5%
31,109 Hanwell
5%
12,736 Ince-in-Makerfield
5%
9,036 Oakengates
5%
5,994 South Bank
5%
10,121 Tottington
5%
23,654 Wallington
5%
12,338 Waterloo
5%
14,952 Wolverton
5%
11,222 Kearsley
5%
12,315 Killingworth
5%
4,575 Kimberley
5%
1,067 Kimbolton
5%
2,909 Kirkbymoorside
5%
10,036 Knottingley
5%
3,829 Langport
5%
2,149 Lechlade
5%
2,349 Leyburn
5%
12,868 Littleborough
5%
2,444 Loddon
5%
10,157 Longridge
5%
3,156 Lostwithiel
5%
1,412 Malpas
5%
19,555 Mansfield Woodhouse
5%
2,154 Market Bosworth
5%
5,220 Market Rasen
5%
6,991 Market Warsop
5%
1,163 Masham
5%
2,910 Mere
5%
816 Middleham
5%
5,596 Millom
5%
9,522 Milnrow
5%
3,321 Minchinhampton
5%
1,749 Modbury
5%
1,364 Moretonhampstead
5%
11,456 Mossley
5%
16,313 Nailsea
5%
5,706 Nailsworth
5%
5,360 Needham Market
5%
3,388 Newlyn
5%
4,035 New Romney
5%
31,997 Northfleet
5%
16,987 North Hykeham
5%
3,564 North Petherton
5%
7,059 Northstowe
5%
7,263 Olney
5%
21,804 Ossett
5%
11,299 Oswaldtwistle
5%
6,116 Ottery St Mary
5%
12,001 Oxted
5%
8,307 Partington
5%
1,725 Pendlebury
5%
11,868 Penryn
5%
17,268 Ramsbottom
5%
24,689 Rawtenstall
5%
2,266 Reepham
5%
2,013 Rothbury
5%
20,084 Sandhurst
5%
9,890 Sandiacre
5%
32,223 Sedgley
5%
9,581 Shifnal
5%
6,493 Shipston-on-Stour
5%
12,169 Shirebrook
5%
6,985 Skelton-in-Cleveland
5%
12,239 Snodland
5%
5,358 Somerton
5%
9,883 Southborough
5%
11,557 South Elmsall
5%
4,700 Southminster
5%
6,633 South Molton
5%
12,210 Southwick
5%
15,870 South Woodham Ferrers
5%
4,515 Sowerby Bridge
5%
6,231 Stainforth
5%
6,637 St Blazey
5%
3,707 St Columb Major
5%
718 Stockbridge
5%
9,749 Stonehouse
5%
13,575 Stotfold
5%
3,554 Sturminster Newton
5%
13,392 Syston
5%
14,985 Tadley
5%
8,041 Tenterden
5%
3,242 Thaxted
5%
7,638 Thrapston
5%
10,940 Tidworth
5%
7,210 Torpoint
5%
1,784 Tow Law
5%
17,298 Tyldesley
5%
19,019 Waltham Abbey
5%
35,601 Waterlooville
5%
2,691 Watlington
5%
11,961 Watton
5%
4,618 Wesham
5%
7,011 West Mersea
5%
22,800 Whitefield
5%
9,125 Whitnash
5%
14,878 Whittlesey
5%
6,730 Wincanton
5%
5,623 Winslow
5%
5,024 Winterton
5%
4,665 Woburn Sands
5%
2,454 Wolsingham
5%
17,793 Wombwell
5%
2,006 Wooler
5%
16,251 Worcester Park
5%
5,026 Wotton-under-Edge
5%
17,048 Alsager
0%
3,513 Ashburton
0%
3,095 Beaminster
0%
17,451 Birstall
0%
7,484 Bishop's Waltham
0%
5,333 Blackrod
0%
7,273 Bollington
0%
6,505 Bovey Tracey
0%
1,886 Brading
0%
1,800 Bradninch
0%
2,717 Brewood
0%
5,649 Broseley
0%
2,612 Bruton
0%
8,336 Buntingford
0%
1,153 Chagford
0%
2,270 Clare
0%
7,981 Clayton-le-Moors
0%
3,787 Coggeshall
0%
8,021 Cotgrave
0%
4,085 Cranbrook
0%
4,141 Cricklade
0%
9,808 Crook
0%
22,738 Darlaston
0%
1,718 Deddington
0%
3,071 Denholme
0%
21,380 Dukinfield
0%
835 Dulverton
0%
4,383 Earby
0%
11,375 Earl Shilton
0%
5,746 Egremont
0%
15,910 Elland
0%
30,957 Eston
0%
20,485 Failsworth
0%
7,676 Fazeley
0%
5,241 Finedon
0%
14,196 Gomersal
0%
1,127 Grassington
0%
5,104 Halesworth
0%
731 Hatherleigh
0%
8,054 Hedon
0%
5,931 Highbridge
0%
10,442 Birchwood
0%
18,142 Braunstone
0%
16,358 Bulwell
0%
5,594 Colburn
0%
5,713 Corringham
0%
13,373 Earlestown
0%
7,692 Eastfield
0%
8,694 Edlington
0%
13,763 Highcliffe
0%
962 Ivinghoe
0%
36,044 Northolt
0%
11,724 Shoeburyness
0%
18,578 Sprowston
0%
6,163 Leiston
0%
4,451 Loftus
0%
5,318 Long Stratton
0%
5,527 Long Sutton
0%
21,327 Maghull
0%
8,113 Market Weighton
0%
13,304 Marple
0%
5,075 Melbourne
0%
8,696 Meltham
0%
2,198 Mitcheldean
0%
1,825 Much Wenlock
0%
5,689 Netherfield
0%
15,818 Netherton
0%
5,432 New Alresford
0%
1,971 Northleach
0%
1,985 North Tawton
0%
8,423 Paddock Wood
0%
10,392 Padiham
0%
9,028 Penkridge
0%
20,842 Penwortham
0%
2,531 Petworth
0%
3,016 Porthleven
0%
5,515 Potton
0%
13,675 Poynton
0%
4,894 Preesall
0%
10,216 Radstock
0%
7,009 Rishton
0%
12,280 Sandbach
0%
8,917 Silsden
0%
9,498 Slaithwaite
0%
3,653 Snaith
0%
2,729 Stalbridge
0%
3,493 Stalham
0%
5,458 Steyning
0%
4,988 Tickhill
0%
4,747 Topsham
0%
3,522 Wadhurst
0%
19,798 Walkden
0%
22,719 Westhoughton
0%
6,973 Whitworth
0%
4,238 Winchcombe
0%
2,311 Wiveliscombe
0%
7,380 Wivenhoe
0%
No matching quizzes found
Score Distribution
Percent of People with Each Score
Percentile by Number Answered
Your Score History
You have not taken this quiz since the last reset